[Event "Albert Boxer Classic"]
[Site "Winnipeg CAN"]
[Date "2001.09.02"]
[Round "3.4"]
[White "Santelices, Philip"]
[Black "Khedkar, Jay"]
[Result "0-1"]
[WhiteElo "1127"]
[BlackElo "1948"]
[PlyCount "100"]
[GameId "2160767911485349"]
[EventDate "2001.09.01"]
[EventType "swiss"]
[EventRounds "6"]
[EventCountry "CAN"]
[SourceTitle "EXT 2003"]
[Source "ChessBase"]
[SourceDate "2002.11.25"]
[SourceVersion "1"]
[SourceVersionDate "2002.11.25"]
[SourceQuality "1"]

1. e4 c5 2. Nf3 d6 3. d4 cxd4 4. Nxd4 Nf6 5. Nc3 a6 6. Be2 e6 7. g4 Be7 8. Be3 Qc7 9. Qd2 b5 10. a3 Bb7 11. f3 Nc6 12. O-O-O Rc8 13. Kb1 Ne5 14. g5 Nfd7 15. Ncxb5 axb5 16. Nxb5 Qb8 17. Nxd6+ Bxd6 18. Qxd6 Qxd6 19. Rxd6 Ke7 20. Rhd1 Rc6 21. R6d4 Rc7 22. f4 Nc6 23. Rd6 Rhc8 24. e5 Ncb8 25. c4 Be4+ 26. Ka2 Nc5 27. Bxc5 Rxc5 28. b4 R5c6 29. R6d4 Bc2 30. R1d2 Ba4 31. b5 R6c7 32. c5 Rxc5 33. Rxa4 Rc2+ 34. Rxc2 Rxc2+ 35. Kb3 Rxe2 36. Ra7+ Nd7 37. b6 Rd2 38. a4 Rd5 39. a5 Rc5 40. Kb4 Rc8 41. Kb5 Kd8 42. Rxd7+ Kxd7 43. b7 Rc1 44. Ka6 Kc7 45. Ka7 Rb1 46. a6 Rb6 47. h4 g6 48. f5 exf5 49. e6 fxe6 50. h5 Rxa6+ 0-1

[Event "Albert Boxer Classic"]
[Site "Winnipeg CAN"]
[Date "2001.09.02"]
[Round "3.5"]
[White "Lauritson, Jim"]
[Black "Plocek, Jaroslav"]
[Result "1-0"]
[WhiteElo "1957"]
[BlackElo "1682"]
[PlyCount "49"]
[GameId "2160767911485350"]
[EventDate "2001.09.01"]
[EventType "swiss"]
[EventRounds "6"]
[EventCountry "CAN"]
[SourceTitle "EXT 2003"]
[Source "ChessBase"]
[SourceDate "2002.11.25"]
[SourceVersion "1"]
[SourceVersionDate "2002.11.25"]
[SourceQuality "1"]

1. Nf3 Nf6 2. d4 d5 3. e3 Nc6 4. c3 a6 5. Bd3 Bg4 6. Nbd2 e5 7. dxe5 Nxe5 8. Be2 Nxf3+ 9. Bxf3 Bxf3 10. Qxf3 c6 11. O-O Bd6 12. c4 O-O 13. cxd5 Nxd5 14. Nc4 Bc7 15. e4 Nb6 16. Ne3 Re8 17. Nf5 Qf6 18. Bd2 Be5 19. Qb3 Qd8 20. Rad1 Nd7 21. Qxb7 g6 22. Nh6+ Kg7 23. Be3 Qh4 24. g3 Nc5 25. Qxf7+ 1-0

[Event "Albert Boxer Classic"]
[Site "Winnipeg CAN"]
[Date "2001.09.02"]
[Round "3.8"]
[White "Vincent, Trevor"]
[Black "Hanrahan, Nigel"]
[Result "1/2-1/2"]
[WhiteElo "1490"]
[BlackElo "1747"]
[PlyCount "93"]
[GameId "2160767911485352"]
[EventDate "2001.09.01"]
[EventType "swiss"]
[EventRounds "6"]
[EventCountry "CAN"]
[SourceTitle "EXT 2003"]
[Source "ChessBase"]
[SourceDate "2002.11.25"]
[SourceVersion "1"]
[SourceVersionDate "2002.11.25"]
[SourceQuality "1"]

1. c4 e5 2. Nc3 Nc6 3. g3 g6 4. Nf3 Bg7 5. d3 d6 6. Bg2 f5 7. Bd2 Nf6 8. O-O O-O 9. Rb1 a5 10. a3 e4 11. dxe4 fxe4 12. Ng5 Bf5 13. Ngxe4 Nxe4 14. Bxe4 Bxc3 15. Bd5+ Rf7 16. Bxf7+ Kxf7 17. Bxc3 Bxb1 18. Qd5+ Ke7 19. Rxb1 Kd7 20. b4 axb4 21. axb4 Qg8 22. Qxg8 Rxg8 23. Rd1 Re8 24. b5 Nd8 25. e3 Re4 26. Rd4 Rxd4 27. exd4 b6 28. Kg2 Nb7 29. Bb4 c5 30. bxc6+ Kxc6 31. Kf3 d5 32. cxd5+ Kxd5 33. Ke3 Nd6 34. Bxd6 Kxd6 35. Kd3 Kd5 36. g4 g5 37. f4 gxf4 38. h4 f3 39. g5 f2 40. Ke2 f1=B+ 41. Kxf1 Kxd4 42. h5 Ke5 43. g6 hxg6 44. hxg6 Kf6 45. Ke2 Kxg6 46. Kd3 Kf6 47. Kc4 1/2-1/2

[Event "Albert Boxer Classic"]
[Site "Winnipeg CAN"]
[Date "2001.09.02"]
[Round "3.9"]
[White "Tetrault, Charles"]
[Black "Gannon, Keith"]
[Result "1/2-1/2"]
[WhiteElo "1607"]
[BlackElo "1601"]
[PlyCount "120"]
[GameId "2160767911485353"]
[EventDate "2001.09.01"]
[EventType "swiss"]
[EventRounds "6"]
[EventCountry "CAN"]
[SourceTitle "EXT 2003"]
[Source "ChessBase"]
[SourceDate "2002.11.25"]
[SourceVersion "1"]
[SourceVersionDate "2002.11.25"]
[SourceQuality "1"]

1. e4 e5 2. Nf3 d6 3. Bc4 Be7 4. Nc3 Nf6 5. d4 exd4 6. Nxd4 O-O 7. O-O Bd7 8. Be3 Nc6 9. Nxc6 Bxc6 10. f3 Re8 11. Qd2 a6 12. a4 Qd7 13. a5 Red8 14. Rad1 Qe8 15. b3 Nd7 16. Nd5 Bxd5 17. Qxd5 c6 18. Qh5 Nf6 19. Qh3 Qd7 20. Qxd7 Rxd7 21. Bg5 Ne8 22. Be3 Bf8 23. f4 Re7 24. Bd3 g6 25. c4 Bg7 26. Rde1 Bc3 27. Re2 Bxa5 28. f5 Bc3 29. Bg5 Bd4+ 30. Kh1 f6 31. Bh6 Ng7 32. Bxg7 Kxg7 33. g4 Rae8 34. Rd2 b5 35. cxb5 axb5 36. Bxb5 Rxe4 37. Bxc6 Re1 38. Rd1 Rxf1+ 39. Rxf1 Re2 40. Rb1 Be5 41. Bg2 Rd2 42. h3 d5 43. Kg1 d4 44. Kf1 gxf5 45. gxf5 Bg3 46. Kg1 Bf2+ 47. Kf1 Be3 48. Be4 Rf2+ 49. Ke1 Rh2 50. b4 Rxh3 51. Ke2 Rh2+ 52. Kd3 Rd2+ 53. Kc4 Ra2 54. b5 Ra4+ 55. Kd5 Ra5 56. Kc6 Ra8 57. b6 Bf4 58. Kc5 Rb8 59. Kxd4 Be5+ 60. Kc5 h5 1/2-1/2

[Event "Albert Boxer Classic"]
[Site "Winnipeg CAN"]
[Date "2001.09.02"]
[Round "4.1"]
[White "Baragar, Fletcher"]
[Black "Schulz, Waldemar"]
[Result "1-0"]
[WhiteElo "2265"]
[BlackElo "2023"]
[PlyCount "53"]
[GameId "2160767911485355"]
[EventDate "2001.09.01"]
[EventType "swiss"]
[EventRounds "6"]
[EventCountry "CAN"]
[SourceTitle "EXT 2003"]
[Source "ChessBase"]
[SourceDate "2002.11.25"]
[SourceVersion "1"]
[SourceVersionDate "2002.11.25"]
[SourceQuality "1"]

1. d4 d5 2. c4 e6 3. Nc3 Nf6 4. Nf3 c6 5. e3 Nbd7 6. Bd3 Be7 7. O-O O-O 8. b3 b6 9. Bb2 Bb7 10. Qe2 Re8 11. Rad1 Qc7 12. Ne5 Red8 13. f4 c5 14. cxd5 exd5 15. Bf5 g6 16. Bh3 Rab8 17. f5 g5 18. g3 Qc8 19. Bg2 Ba6 20. Nb5 Ne4 21. Bxe4 dxe4 22. f6 Bf8 23. Nxf7 Bxb5 24. Qxb5 Kxf7 25. Qc4+ Kg6 26. Qg8+ Kh6 27. Rf5 1-0

[Event "Albert Boxer Classic"]
[Site "Winnipeg CAN"]
[Date "2001.09.02"]
[Round "4.2"]
[White "Federkevic, Danny"]
[Black "Khedkar, Jay"]
[Result "0-1"]
[WhiteElo "1986"]
[BlackElo "1948"]
[PlyCount "112"]
[GameId "2160767911485356"]
[EventDate "2001.09.01"]
[EventType "swiss"]
[EventRounds "6"]
[EventCountry "CAN"]
[SourceTitle "EXT 2003"]
[Source "ChessBase"]
[SourceDate "2002.11.25"]
[SourceVersion "1"]
[SourceVersionDate "2002.11.25"]
[SourceQuality "1"]

1. e4 c5 2. Nc3 e6 3. f4 d6 4. Bc4 Nc6 5. Nf3 Nf6 6. d3 Qc7 7. O-O Be7 8. Qe1 O-O 9. h3 a6 10. a4 Nd4 11. Nxd4 cxd4 12. Ne2 Nxe4 13. Nxd4 d5 14. Bxd5 exd5 15. dxe4 Bc5 16. c3 dxe4 17. Qxe4 Bd7 18. f5 Rfe8 19. Qg4 Qe5 20. Kh1 Bxd4 21. cxd4 Qe2 22. Bg5 Qxg4 23. hxg4 Re4 24. Rad1 Bxa4 25. Rd2 Rxg4 26. Be7 f6 27. d5 Re4 28. d6 Kf7 29. Rc1 Bc6 30. Rc5 Ke8 31. Kh2 Kd7 32. Kh3 a5 33. g4 h6 34. Rdc2 a4 35. R5c3 Rc8 36. Kg3 b5 37. Kh4 b4 38. Rc5 b3 39. Rd2 Rb4 40. Ra5 Ra8 41. Rxa8 Bxa8 42. Bf8 Bf3 43. Kg3 Bxg4 44. Bxg7 Bxf5 45. Bxf6 Rc4 46. Rh2 Rg4+ 47. Kf3 Rg6 48. Be5 h5 49. Kf4 Bg4 50. Ke4 Ke6 51. Rd2 Bf5+ 52. Kd4 Rg4+ 53. Kc5 Kxe5 54. d7 Bxd7 55. Rxd7 h4 56. Rh7 Kf6 0-1

[Event "Albert Boxer Classic"]
[Site "Winnipeg CAN"]
[Date "2001.09.02"]
[Round "4.3"]
[White "Rasmussen, Barry"]
[Black "Lauritson, Jim"]
[Result "1-0"]
[WhiteElo "2228"]
[BlackElo "1957"]
[PlyCount "115"]
[GameId "2160767911485357"]
[EventDate "2001.09.01"]
[EventType "swiss"]
[EventRounds "6"]
[EventCountry "CAN"]
[SourceTitle "EXT 2003"]
[Source "ChessBase"]
[SourceDate "2002.11.25"]
[SourceVersion "1"]
[SourceVersionDate "2002.11.25"]
[SourceQuality "1"]

1. e4 c5 2. Nf3 e6 3. d4 cxd4 4. Nxd4 a6 5. Bd3 Qc7 6. Qe2 Nc6 7. Nxc6 Qxc6 8. O-O d6 9. f4 e5 10. Nc3 Nf6 11. f5 h5 12. Kh1 Rb8 13. Bg5 Be7 14. Bxf6 Bxf6 15. Nd5 b5 16. b4 Bb7 17. a4 bxa4 18. Bxa6 Bxa6 19. Qxa6 Qxa6 20. Nc7+ Kd7 21. Nxa6 Rb6 22. Rxa4 Rc8 23. Ra2 Rc4 24. Rd1 Kc6 25. h3 Rxe4 26. c3 Rc4 27. b5+ Rxb5 28. Nb4+ Kc7 29. Ra6 Kb7 30. Raxd6 Rxc3 31. Nd5 Rc6 32. Rd7+ Kc8 33. Rxf7 Rb2 34. Ra1 Kb8 35. Nxf6 gxf6 36. Rd1 Rbc2 37. Rd8+ Rc8 38. Rd6 Rc1+ 39. Kh2 R1c6 40. Rfxf6 Rxd6 41. Rxd6 Rg8 42. Re6 Kc7 43. Rxe5 Kd6 44. Ra5 h4 45. f6 Rh8 46. Rf5 Ke6 47. Rf4 Kf7 48. Kg1 Rh6 49. Kf2 Rh5 50. Kf3 Rh6 51. Ke4 Rh8 52. Kf5 Rh6 53. Ke5 Rh5+ 54. Rf5 Rh6 55. Rg5 Kf8 56. Ke6 Rh7 57. Ra5 Rb7 58. Ra8+ 1-0

[Event "Albert Boxer Classic"]
[Site "Winnipeg CAN"]
[Date "2001.09.02"]
[Round "4.5"]
[White "Katona, John"]
[Black "Curtis, Rory"]
[Result "1/2-1/2"]
[WhiteElo "1762"]
[BlackElo "1600"]
[PlyCount "65"]
[GameId "2160767911485358"]
[EventDate "2001.09.01"]
[EventType "swiss"]
[EventRounds "6"]
[EventCountry "CAN"]
[SourceTitle "EXT 2003"]
[Source "ChessBase"]
[SourceDate "2002.11.25"]
[SourceVersion "1"]
[SourceVersionDate "2002.11.25"]
[SourceQuality "1"]

1. e4 c5 2. c3 d5 3. exd5 Qxd5 4. d4 Nf6 5. Nf3 Bg4 6. Be2 cxd4 7. cxd4 e6 8. O-O Be7 9. Nc3 Qa5 10. h3 Bh5 11. Bf4 a6 12. Ne5 Bxe2 13. Qxe2 O-O 14. Rac1 Nc6 15. Rfd1 Rfd8 16. a3 Nxe5 17. Bxe5 b5 18. Ne4 Nxe4 19. Qxe4 Rac8 20. Rxc8 Rxc8 21. Qb7 Re8 22. Rc1 Bd8 23. Qc6 Rf8 24. Bd6 Bg5 25. f4 Bh4 26. Bxf8 Qd2 27. Be7 Qxd4+ 28. Kh1 Bxe7 29. Qe8+ Bf8 30. Rc8 Qd1+ 31. Kh2 Qd6 32. Rd8 Qxf4+ 33. g3 1/2-1/2

[Event "Albert Boxer Classic"]
[Site "Winnipeg CAN"]
[Date "2001.09.02"]
[Round "4.6"]
[White "Hanrahan, Nigel"]
[Black "MacPherson, Al"]
[Result "0-1"]
[WhiteElo "1747"]
[BlackElo "1593"]
[PlyCount "90"]
[GameId "2160767911485359"]
[EventDate "2001.09.01"]
[EventType "swiss"]
[EventRounds "6"]
[EventCountry "CAN"]
[SourceTitle "EXT 2003"]
[Source "ChessBase"]
[SourceDate "2002.11.25"]
[SourceVersion "1"]
[SourceVersionDate "2002.11.25"]
[SourceQuality "1"]

1. c4 c5 2. g3 Nf6 3. Bg2 d5 4. cxd5 Nxd5 5. Nc3 e6 6. Nf3 Be7 7. O-O O-O 8. d3 Nc6 9. Nd2 Re8 10. Re1 Bf8 11. Nf1 c4 12. Nxd5 exd5 13. dxc4 d4 14. Bd5 Bf5 15. a3 Be4 16. Bxe4 Rxe4 17. Qd3 Rg4 18. Bf4 Qf6 19. h3 Rg6 20. Kh2 Re8 21. Nd2 Ne5 22. Bxe5 Qxf2+ 23. Kh1 Rxe5 24. Rf1 Qxg3 25. Qxg3 Rxg3 26. Rf3 Rg6 27. Raf1 Re7 28. Rd3 Rxe2 29. Rxd4 Rgg2 30. Nf3 Rxb2 31. Rfd1 Rg3 32. Ng1 g6 33. R4d2 Rxd2 34. Rxd2 Rxa3 35. Kg2 Rc3 36. Rd7 Rxc4 37. Rxb7 a5 38. Rb8 a4 39. Ra8 a3 40. Nf3 Rc2+ 41. Kf1 Kg7 42. Nd4 Rh2 43. h4 a2 44. Nf3 Rh1+ 45. Ng1 Bc5 0-1

[Event "Albert Boxer Classic"]
[Site "Winnipeg CAN"]
[Date "2001.09.02"]
[Round "4.7"]
[White "Santelices, Philip"]
[Black "Tetrault, Claude"]
[Result "1-0"]
[WhiteElo "1127"]
[BlackElo "1403"]
[PlyCount "85"]
[GameId "2160767911485360"]
[EventDate "2001.09.01"]
[EventType "swiss"]
[EventRounds "6"]
[EventCountry "CAN"]
[SourceTitle "EXT 2003"]
[Source "ChessBase"]
[SourceDate "2002.11.25"]
[SourceVersion "1"]
[SourceVersionDate "2002.11.25"]
[SourceQuality "1"]

1. e4 c5 2. Nf3 d6 3. d4 cxd4 4. Nxd4 Nf6 5. Nc3 Nc6 6. f3 e6 7. Bc4 Be7 8. Bb3 Bd7 9. Be3 Na5 10. Qd2 Nxb3 11. Nxb3 O-O 12. O-O-O h6 13. g4 Nh7 14. f4 f5 15. gxf5 exf5 16. e5 Bc6 17. exd6 Qxd6 18. Qf2 Qc7 19. Rhg1 b6 20. Nd4 Qb7 21. Ne6 Rf7 22. Bd4 Bf6 23. Rg6 Bxd4 24. Nxd4 Rf6 25. Rdg1 Rxg6 26. Rxg6 Be8 27. Rg1 Qf7 28. Qg2 Rd8 29. Nxf5 Kh8 30. Nxg7 Qxf4+ 31. Kb1 Qg5 32. Qf1 Qe5 33. Nf5 Qf6 34. Ne4 Qf8 35. Qc4 Ng5 36. Qc3+ Kh7 37. Nf6+ Kg6 38. Nh4+ Kf7 39. a3 Rd6 40. Nxe8 Kxe8 41. Qc8+ Rd8 42. Qc6+ Rd7 43. Re1+ 1-0

[Event "Albert Boxer Classic"]
[Site "Winnipeg CAN"]
[Date "2001.09.02"]
[Round "4.8"]
[White "Plocek, Jaroslav"]
[Black "Vincent, Trevor"]
[Result "1-0"]
[WhiteElo "1682"]
[BlackElo "1490"]
[PlyCount "59"]
[GameId "2160767911485361"]
[EventDate "2001.09.01"]
[EventType "swiss"]
[EventRounds "6"]
[EventCountry "CAN"]
[SourceTitle "EXT 2003"]
[Source "ChessBase"]
[SourceDate "2002.11.25"]
[SourceVersion "1"]
[SourceVersionDate "2002.11.25"]
[SourceQuality "1"]

1. d4 g6 2. e4 Bg7 3. Nf3 c5 4. d5 d6 5. Be2 Bg4 6. c3 Nd7 7. Qa4 Ngf6 8. Nbd2 O-O 9. O-O a6 10. Re1 b5 11. Qd1 Bxf3 12. Bxf3 Ne5 13. Be2 Qb6 14. Bf1 a5 15. Nf3 Nxf3+ 16. Qxf3 b4 17. c4 Nd7 18. Rb1 a4 19. Qh3 Nf6 20. Bh6 a3 21. b3 Qc7 22. Bd3 Nh5 23. Bxg7 Nxg7 24. Re3 Qc8 25. Qh6 f6 26. Rh3 Kf7 27. e5 dxe5 28. Qxh7 e4 29. Bxe4 Qg4 30. f3 1-0

[Event "Albert Boxer Classic"]
[Site "Winnipeg CAN"]
[Date "2001.09.02"]
[Round "4.12"]
[White "Hou, Jeff"]
[Black "Mu, Yuchen"]
[Result "0-1"]
[WhiteElo "1453"]
[BlackElo "1560"]
[PlyCount "49"]
[GameId "2160767911485363"]
[EventDate "2001.09.01"]
[EventType "swiss"]
[EventRounds "6"]
[EventCountry "CAN"]
[SourceTitle "EXT 2003"]
[Source "ChessBase"]
[SourceDate "2002.11.25"]
[SourceVersion "1"]
[SourceVersionDate "2002.11.25"]
[SourceQuality "1"]

1. e4 c5 2. Nf3 d6 3. d4 cxd4 4. Nxd4 Nf6 5. Nc3 g6 6. Be3 Bg7 7. f3 Nc6 8. Bc4 Bd7 9. Qd2 Rc8 10. Bb3 O-O 11. g4 Ne5 12. O-O-O Nc4 13. Bxc4 Rxc4 14. h4 Qa5 15. Nb3 Qa6 16. Kb1 h5 17. gxh5 Nxh5 18. Bh6 Rfc8 19. Bxg7 Kxg7 20. Rhg1 Nf6 21. Rc1 Kh8 22. f4 Rxc3 23. bxc3 Nxe4 24. Qd3 Nxc3+ 25. Qxc3+ 0-1

[Event "Albert Boxer Classic"]
[Site "Winnipeg CAN"]
[Date "2001.09.03"]
[Round "5.2"]
[White "Kaptsan, Aron"]
[Black "Rasmussen, Barry"]
[Result "1/2-1/2"]
[WhiteElo "2107"]
[BlackElo "2228"]
[PlyCount "67"]
[GameId "2160767911485364"]
[EventDate "2001.09.01"]
[EventType "swiss"]
[EventRounds "6"]
[EventCountry "CAN"]
[SourceTitle "EXT 2003"]
[Source "ChessBase"]
[SourceDate "2002.11.25"]
[SourceVersion "1"]
[SourceVersionDate "2002.11.25"]
[SourceQuality "1"]

1. d4 c5 2. d5 Nf6 3. c4 Ne4 4. Nd2 Qa5 5. Qc2 f5 6. e3 g6 7. Bd3 Nd6 8. Ngf3 Bg7 9. O-O O-O 10. e4 fxe4 11. Nxe4 Nf5 12. Bd2 Qc7 13. Bc3 Nd4 14. Nxd4 cxd4 15. Bb4 d6 16. c5 Na6 17. Bxa6 bxa6 18. Qa4 Be5 19. Rac1 dxc5 20. Bxc5 Bxh2+ 21. Kh1 Bf4 22. d6 exd6 23. Bxd6 Qd8 24. Qc4+ Rf7 25. Bxf4 Qh4+ 26. Bh2 Qxe4 27. Rce1 Qf5 28. Re8+ Kg7 29. Qxd4+ Kh6 30. Re3 Bb7 31. Kg1 g5 32. Bg3 Rd7 33. Qe5 Qxe5 34. Bxe5 1/2-1/2

[Event "Albert Boxer Classic"]
[Site "Winnipeg CAN"]
[Date "2001.09.03"]
[Round "5.3"]
[White "Curtis, Rory"]
[Black "Schulz, Waldemar"]
[Result "0-1"]
[WhiteElo "1600"]
[BlackElo "2023"]
[PlyCount "66"]
[GameId "2160767911485365"]
[EventDate "2001.09.01"]
[EventType "swiss"]
[EventRounds "6"]
[EventCountry "CAN"]
[SourceTitle "EXT 2003"]
[Source "ChessBase"]
[SourceDate "2002.11.25"]
[SourceVersion "1"]
[SourceVersionDate "2002.11.25"]
[SourceQuality "1"]

1. d4 d5 2. c4 e6 3. Nf3 Nf6 4. Bg5 c6 5. Nc3 Nbd7 6. e3 Qa5 7. a3 Ne4 8. Rc1 dxc4 9. h4 b5 10. Ne5 Nxe5 11. dxe5 Bb7 12. Qg4 Nxc3 13. Rxc3 Bxa3 14. Ke2 Bxb2 15. Rc2 Bxe5 16. f4 h5 17. Qh3 Qa4 18. Rd2 Bc3 19. Rd6 Qc2+ 20. Kf3 c5+ 21. Kg3 Qf5 22. Be2 Qxh3+ 23. Kxh3 Bd5 24. f5 Be5 25. Ra6 Bb7 26. Ra2 f6 27. Bf4 exf5 28. Rb1 Bc6 29. Bxe5 fxe5 30. Bxc4 bxc4 31. Rxa7 Rxa7 32. Rb8+ Kf7 33. Rxh8 c3 0-1

[Event "Albert Boxer Classic"]
[Site "Winnipeg CAN"]
[Date "2001.09.03"]
[Round "5.4"]
[White "MacPherson, Al"]
[Black "Federkevic, Danny"]
[Result "0-1"]
[WhiteElo "1593"]
[BlackElo "1986"]
[PlyCount "56"]
[GameId "2160767911485366"]
[EventDate "2001.09.01"]
[EventType "swiss"]
[EventRounds "6"]
[EventCountry "CAN"]
[SourceTitle "EXT 2003"]
[Source "ChessBase"]
[SourceDate "2002.11.25"]
[SourceVersion "1"]
[SourceVersionDate "2002.11.25"]
[SourceQuality "1"]

1. d4 Nf6 2. c4 g6 3. Nc3 Bg7 4. e4 d6 5. Nf3 O-O 6. Be2 e5 7. O-O Nc6 8. d5 Ne7 9. Be3 Ne8 10. Ne1 f5 11. f3 f4 12. Bf2 g5 13. b4 h5 14. Kh1 Rf7 15. c5 Bf8 16. Nd3 Rg7 17. Rg1 g4 18. Qe1 Ng6 19. fxg4 hxg4 20. Nb2 Qg5 21. g3 Rh7 22. Bb5 Qh5 23. h4 gxh3 24. Bxe8 h2 25. Rg2 f3 26. Bxg6 fxg2+ 27. Kxg2 Qxg6 28. Kh1 Bg4 0-1

[Event "Albert Boxer Classic"]
[Site "Winnipeg CAN"]
[Date "2001.09.03"]
[Round "5.5"]
[White "Lauritson, Jim"]
[Black "Santelices, Philip"]
[Result "1-0"]
[WhiteElo "1957"]
[BlackElo "1127"]
[PlyCount "107"]
[GameId "2160767911485367"]
[EventDate "2001.09.01"]
[EventType "swiss"]
[EventRounds "6"]
[EventCountry "CAN"]
[SourceTitle "EXT 2003"]
[Source "ChessBase"]
[SourceDate "2002.11.25"]
[SourceVersion "1"]
[SourceVersionDate "2002.11.25"]
[SourceQuality "1"]

1. Nf3 Nf6 2. g3 Nc6 3. Bg2 e5 4. d3 d5 5. O-O Be6 6. Nbd2 Qd7 7. Ng5 Bg4 8. c4 h6 9. Ngf3 Bh3 10. cxd5 Nxd5 11. Nc4 Bxg2 12. Kxg2 f6 13. a3 O-O-O 14. b4 Nd4 15. Nxd4 exd4 16. Bb2 Qg4 17. e4 Qxd1 18. Rfxd1 Nb6 19. Rac1 Na4 20. Ba1 Kb8 21. b5 g5 22. Rc2 Rh7 23. Kf1 g4 24. Na5 Nb6 25. Nb3 Rhd7 26. Nc5 Re7 27. a4 f5 28. exf5 Rf7 29. Ne6 Rd5 30. Bxd4 Nxa4 31. Ra2 Nb6 32. Rda1 a5 33. bxa6 bxa6 34. Rxa6 Rxd4 35. Nxd4 Rf6 36. Ke2 Bc5 37. Ne6 Rxf5 38. Nxc5 Rxc5 39. R1a2 Re5+ 40. Kd2 Rf5 41. Ke2 Rh5 42. R6a5 Rxh2 43. Rf5 h5 44. Raa5 h4 45. Rh5 h3 46. Rag5 Na4 47. Rxg4 Nc3+ 48. Ke1 Rh1+ 49. Kd2 Nd1 50. Rb4+ Kc8 51. Rb1 Nxf2 52. Rxh1 Nxh1 53. Rxh3 Nf2 54. Rh4 1-0

[Event "Albert Boxer Classic"]
[Site "Winnipeg CAN"]
[Date "2001.09.03"]
[Round "5.6"]
[White "Tetrault, Charles"]
[Black "Katona, John"]
[Result "0-1"]
[WhiteElo "1607"]
[BlackElo "1762"]
[PlyCount "46"]
[GameId "2160767911485368"]
[EventDate "2001.09.01"]
[EventType "swiss"]
[EventRounds "6"]
[EventCountry "CAN"]
[SourceTitle "EXT 2003"]
[Source "ChessBase"]
[SourceDate "2002.11.25"]
[SourceVersion "1"]
[SourceVersionDate "2002.11.25"]
[SourceQuality "1"]

1. e4 c5 2. Nc3 d6 3. Bc4 e6 4. f4 Nc6 5. Nf3 a6 6. a4 Nf6 7. d3 d5 8. exd5 exd5 9. Bb3 Be7 10. O-O O-O 11. Bd2 Bg4 12. Ne2 Re8 13. c3 Qd7 14. Ne5 Nxe5 15. fxe5 c4 16. dxc4 Bc5+ 17. Kh1 Rxe5 18. Rxf6 gxf6 19. Qe1 Rxe2 20. Qh4 Rxd2 21. Qxf6 Qf5 22. Qh6 Rf2 23. Rg1 Rf1 0-1

[Event "Albert Boxer Classic"]
[Site "Winnipeg CAN"]
[Date "2001.09.03"]
[Round "5.9"]
[White "Mu, Yuchen"]
[Black "Tetrault, Claude"]
[Result "1/2-1/2"]
[WhiteElo "1560"]
[BlackElo "1403"]
[PlyCount "74"]
[GameId "2160767911485369"]
[EventDate "2001.09.01"]
[EventType "swiss"]
[EventRounds "6"]
[EventCountry "CAN"]
[SourceTitle "EXT 2003"]
[Source "ChessBase"]
[SourceDate "2002.11.25"]
[SourceVersion "1"]
[SourceVersionDate "2002.11.25"]
[SourceQuality "1"]

1. e4 c5 2. Nf3 d6 3. d4 cxd4 4. Nxd4 Nc6 5. Nc3 Nxd4 6. Qxd4 Nf6 7. Bg5 e6 8. Bxf6 Qxf6 9. Qxf6 gxf6 10. Bb5+ Bd7 11. O-O-O Rg8 12. g3 Bc6 13. Rhe1 Rg5 14. Bxc6+ bxc6 15. f4 Rg8 16. Rf1 Ke7 17. Rd4 Bg7 18. Ra4 Rgc8 19. Ra6 Rc7 20. Rd1 h5 21. Rd3 Rb8 22. Ra5 e5 23. f5 Rh8 24. Ne2 h4 25. g4 h3 26. Kd2 Rh4 27. Rg3 Bh6+ 28. Ke1 Bg5 29. Kf2 Rh8 30. Kf3 d5 31. Rg1 d4 32. Ra4 Rd8 33. Rd1 c5 34. Rc4 Rcd7 35. Rd3 Rb8 36. b3 Rc7 37. a3 a5 1/2-1/2

[Event "Albert Boxer Classic"]
[Site "Winnipeg CAN"]
[Date "2001.09.03"]
[Round "6.1"]
[White "Baragar, Fletcher"]
[Black "Rasmussen, Barry"]
[Result "0-1"]
[WhiteElo "2265"]
[BlackElo "2228"]
[PlyCount "160"]
[GameId "2160767911485372"]
[EventDate "2001.09.01"]
[EventType "swiss"]
[EventRounds "6"]
[EventCountry "CAN"]
[SourceTitle "EXT 2003"]
[Source "ChessBase"]
[SourceDate "2002.11.25"]
[SourceVersion "1"]
[SourceVersionDate "2002.11.25"]
[SourceQuality "1"]

1. d4 c5 2. d5 Nf6 3. Nc3 g6 4. e4 d6 5. Nf3 Bg7 6. Bb5+ Bd7 7. a4 O-O 8. O-O Bg4 9. Be2 Na6 10. h3 Bxf3 11. Bxf3 Nd7 12. Bg5 h6 13. Be3 Nb4 14. Qd2 Kh7 15. Nd1 a5 16. c3 Na6 17. Be2 Rc8 18. Bb5 Nf6 19. f3 e6 20. Bc4 exd5 21. exd5 Nc7 22. Bf2 Re8 23. Bh4 g5 24. Bg3 Nh5 25. Bh2 Be5 26. Nf2 Bxh2+ 27. Kxh2 Qf6 28. Ng4 Qf4+ 29. Qxf4 gxf4 30. Rfe1 f5 31. Nf2 Nf6 32. Rxe8 Rxe8 33. Rd1 Nd7 34. Nd3 Ne5 35. Nxe5 Rxe5 36. Kg1 Na8 37. Kf2 Nb6 38. b3 Kg6 39. Rd2 Kf6 40. Rd1 Re3 41. Rc1 Re5 42. Rd1 h5 43. h4 Re3 44. Rc1 Nd7 45. g3 Ne5 46. Be2 Ng6 47. gxf4 Re7 48. Bc4 Nxf4 49. Rb1 Ng6 50. Rg1 f4 51. Bd3 Nxh4 52. Rh1 Kg5 53. Be4 Rg7 54. Bd3 Ng6 55. Bxg6 Rxg6 56. Ke2 Rg7 57. Kd3 Re7 58. Kc4 Re3 59. Rh3 h4 60. b4 axb4 61. cxb4 cxb4 62. Kxb4 Re1 63. Kb5 Rb1+ 64. Ka5 Rb3 65. Rh1 Rxf3 66. Rb1 Rd3 67. Rxb7 Rxd5+ 68. Kb6 h3 69. a5 Rd1 70. Rh7 Kg4 71. a6 Rb1+ 72. Kc7 Ra1 73. Kb7 Kg3 74. Rg7+ Kf2 75. Rh7 Kg2 76. Rg7+ Kh1 77. Rf7 h2 78. Rxf4 Kg2 79. Rg4+ Kf3 80. Rh4 h1=Q 0-1

[Event "Albert Boxer Classic"]
[Site "Winnipeg CAN"]
[Date "2001.09.03"]
[Round "6.2"]
[White "Khedkar, Jay"]
[Black "Kaptsan, Aron"]
[Result "1/2-1/2"]
[WhiteElo "1948"]
[BlackElo "2107"]
[PlyCount "99"]
[GameId "2160767911485373"]
[EventDate "2001.09.01"]
[EventType "swiss"]
[EventRounds "6"]
[EventCountry "CAN"]
[SourceTitle "EXT 2003"]
[Source "ChessBase"]
[SourceDate "2002.11.25"]
[SourceVersion "1"]
[SourceVersionDate "2002.11.25"]
[SourceQuality "1"]

1. e4 e5 2. f4 d5 3. exd5 e4 4. d3 Qxd5 5. Qe2 Nf6 6. Nc3 Bb4 7. Bd2 Bxc3 8. Bxc3 O-O 9. Bxf6 exd3 10. Qe5 Qc6 11. Qg5 Re8+ 12. Kf2 Qb6+ 13. Kg3 Qxf6 14. Qxf6 gxf6 15. Bxd3 Nc6 16. Nf3 Nb4 17. Bb5 c6 18. Ba4 Be6 19. Nd4 Rad8 20. c3 Nd3 21. Bc2 Bc4 22. Bxd3 Bxd3 23. Rhe1 c5 24. Nf3 Kf8 25. Rad1 Bb5 26. Rxe8+ Kxe8 27. Rxd8+ Kxd8 28. Nd2 Bc6 29. Kf2 b6 30. g3 Bd5 31. Ke3 Ke7 32. f5 Kd6 33. c4 Bc6 34. Kf4 Ke7 35. Ne4 Bb7 36. Nc3 Bc6 37. h4 Kf8 38. Nd5 Bxd5 39. cxd5 Ke7 40. Kg4 Kd6 41. Kh5 c4 42. Kh6 b5 43. a3 a5 44. Kxh7 b4 45. axb4 axb4 46. Kg7 c3 47. bxc3 bxc3 48. h5 c2 49. h6 c1=Q 50. h7 1/2-1/2